000 01009cab a2200289 4500
001 WB2841-34
008 090401t1992 xxu||||| |||| 00| 0 eng d
035 _a(Sirsi) u43663
041 _aeng
245 _aForfeiture
260 _c1992
350 _a0
490 _aEstates Gazette
_v(9241) 17 October 1992, 121(1)
520 _aDiscusses "Bhojwani v Kingsley Investment Trust Ltd" ChD 21 May 1992 which concerned a tenant`s right to relief from forfeiture. Offers guidance as to what is a reasonable time for remedy, and on relief where a third party has acquired an interest in the property.
650 _aARREARS
650 _aBREACH OF CONVENANT
650 _aLAW OF PROPERTY ACT 1925 S146
650 _aNON-PAYMENT OF RENT
650 _aRELIEF FROM FORFEITURE
650 _aREPAIRING COVENANTS
650 _aREPOSSESSION
650 _aS146 NOTICES
650 _aSCHEDULE OF DILAPIDATIONS
690 _aLANDLORD AND TENANT-BUSINESS TENANCIES
942 _n0
948 _c04/03/1997
999 _c27823
_d27823